Rozpoznasz piłkarzy Ekstraklasy - sezon 2024/2025? - Statystyki

Ogólne statystyki
  • Ten quiz został rozwiązany 25 razy
  • Średni wynik to 12 z 18
Statystyki odpowiedzi
Obrazkowy Odpowiedź % Poprawnych
Bartosz Mrozek
100%
Bartłomiej Pawłowski
95%
Maxi Oyedele
95%
Jan Grzesik
81%
Dawid Błanik
76%
Jarosław Kubicki
76%
Mateusz Kochalski
76%
Piotr Samiec-Talar
76%
Camilo Mena
71%
Michał Chrapek
71%
Sergi Samper
67%
Alan Czerwiński
52%
Fredrik Ulvestad
52%
Rafał Janicki
52%
Ajdin Hasić
48%
Gustav Berggren
48%
Dawid Kurminowski
43%
Michalis Kosidis
24%
Nie znaleziono quizów pasujących do podanych kryteriów
Rozkład punktacji
Procent ludzi z każdym wynikiem
Percentyl według liczby udzielonych odpowiedzi
Twoja historia wyników
Nie rozwiązałeś tego quizu